| 000 | 00363nam a2200121Ia 4500 | ||
|---|---|---|---|
| 008 | 220615s9999||||xx |||||||||||||| ||und|| | ||
| 245 | 0 |
_aOptical Fiber _bNew Developments |
|
| 546 | _aEnglish[eng] | ||
| 650 | _aApplied optics | ||
| 700 | _aLethien, Christophe | ||
| 856 | _uhttps://mts.intechopen.com/storage/books/3335/authors_book/authors_book.pdf | ||
| 942 | _cEB | ||
| 999 |
_c16800 _d16800 |
||